Centroamérica: negociar con EE.UU.

Guardat en:
Dades bibliogràfiques
Format: Text
Matèries:
Etiquetes: Afegir etiqueta
Sense etiquetes, Sigues el primer a etiquetar aquest registre!

MARC

LEADER 00000 a a2200000 04500
001 17766
003
040
245 |a Centroamérica:   |b negociar con EE.UU.  
650 |a NEGOCIACIONES INTERNACIONALES  
650 |a ESTADOS UNIDOS  
773 |g volumen 2, número 37; páginas 586  
999 |c 36602  |d 36602 
773 0 |0 42391  |9 4063  |a Agencia Latinoamericana de Información, ALAI  |d Quito, Ecuador: ALAI  |o 03907  |t ALAI:  |x 08275564 (Servicio mensual de información y documentación)